00469 2200193 4500001002100000005001500021008004100036020002200077035001900099041000700118082001000125090001600135100001700151245002000168250001000188260003100198300002500229650002100254INLIS00000000002481220241224131809241224||||||||| | ||| |||| || |  a978-623-206-175-0 0010-1224024812 aid0 a741.5 a741.5 RUR s0 aRuri Irawati00aRumah baru mola acet.1 aSolobTiga Serangkaic2019 a32 hlm.:ilus.;25 cm. 0acerita bergambar